[Event "Quebec-ch U1800"]
[Site "Repentigny"]
[Date "2003.11.22"]
[Round "3"]
[White "Vivier, Christian"]
[Black "Baribeault, David"]
[Result "1-0"]
[WhiteElo "1786"]
[BlackElo "1741"]
[PlyCount "57"]
[EventDate "2003.11.21"]
[EventType "swiss"]
[EventRounds "5"]
[EventCountry "CAN"]
[SourceTitle "EXT 2022"]
[Source "ChessBase"]
[SourceDate "2021.10.06"]
[SourceVersion "1"]
[SourceVersionDate "2021.10.06"]
[SourceQuality "1"]

1. e4 c5 2. Nf3 d6 3. d4 cxd4 4. Qxd4 Nc6 5. Bb5 Bd7 6. Bxc6 Bxc6 7. Nc3 Nf6 8. Bg5 e5 9. Qd3 Qb6 10. 0-0 h6 11. Bxf6 gxf6 12. Nd5 Bxd5 13. Qxd5 Rc8 14. c4 Qc6 15. Rac1 Qxd5 16. cxd5 Rxc1 17. Rxc1 Kd7 18. Nh4 Rg8 19. h3 Be7 20. Nf5 Bf8 21. Rc3 Rg6 22. Kh2 Rg8 23. Rg3 Rh8 24. Rc3 Rg8 25. b4 Rh8 26. b5 h5 27. a4 b6 28. Rc6 h4 29. g3 1-0

[Event "Quebec-ch U1800"]
[Site "Repentigny"]
[Date "2003.11.21"]
[Round "1"]
[White "Rozybakiyev, Rasul"]
[Black "Baribeault, David"]
[Result "1/2-1/2"]
[WhiteElo "1652"]
[BlackElo "1741"]
[PlyCount "77"]
[EventDate "2003.11.21"]
[EventType "swiss"]
[EventRounds "5"]
[EventCountry "CAN"]
[SourceTitle "EXT 2022"]
[Source "ChessBase"]
[SourceDate "2021.10.06"]
[SourceVersion "1"]
[SourceVersionDate "2021.10.06"]
[SourceQuality "1"]

1. e4 c5 2. c3 Nf6 3. e5 Nd5 4. d4 e6 5. Nf3 Nc6 6. c4 Nc7 7. d5 exd5 8. cxd5 Nxe5 9. Nxe5 Qe7 10. Qe2 Nxd5 11. Nf3 Nb4 12. Qxe7+ Bxe7 13. Na3 a6 14. Be2 d5 15. 0-0 0-0 16. Bf4 Re8 17. Rfd1 Bf6 18. Rd2 c4 19. Nb1 Bf5 20. Nc3 Nc2 21. Rc1 d4 22. Nxd4 Nxd4 23. Bxc4 b5 24. Bf1 Rac8 25. Rcd1 Bg4 26. Rxd4 Bxd1 27. Rxd1 Bxc3 28. bxc3 Rxc3 29. g3 Rc2 30. Rd2 Rxd2 31. Bxd2 Rd8 32. Bb4 Rd4 33. a3 f6 34. h3 Rd7 35. Bg2 Rd1+ 36. Kh2 Rd7 37. Bc6 Rc7 38. Bd5+ Kh8 39. Kg2 1/2-1/2

[Event "Quebec-ch qual 2"]
[Site "Montreal"]
[Date "2001.05.27"]
[Round "4"]
[White "Ouellet Leveille, Clement"]
[Black "Baribeault, David"]
[Result "1/2-1/2"]
[WhiteElo "1904"]
[BlackElo "1440"]
[PlyCount "90"]
[EventDate "2001.05.25"]
[EventType "swiss"]
[EventRounds "5"]
[EventCountry "CAN"]
[SourceTitle "EXT 2022"]
[Source "ChessBase"]
[SourceDate "2021.10.06"]
[SourceVersion "1"]
[SourceVersionDate "2021.10.06"]
[SourceQuality "1"]

1. e4 c5 2. Nf3 Nc6 3. d4 cxd4 4. Nxd4 Nf6 5. Nc3 d6 6. Be2 a6 7. 0-0 g6 8. Bf3 Ne5 9. Bf4 Nxf3+ 10. Nxf3 Bg7 11. Qd2 0-0 12. h3 b5 13. e5 dxe5 14. Qxd8 Rxd8 15. Bxe5 Bb7 16. Rad1 Bxf3 17. gxf3 e6 18. a3 Ne8 19. Bxg7 Kxg7 20. Ne4 Rac8 21. c3 h6 22. Rfe1 f5 23. Rxd8 Rxd8 24. Nc5 Nc7 25. Nxe6+ Nxe6 26. Rxe6 Rd2 27. a4 Rxb2 28. Rxa6 bxa4 29. Rxa4 Rc2 30. Rc4 Kf6 31. f4 Ke6 32. Kg2 Kd5 33. Rd4+ Ke6 34. Rc4 Kd5 35. Rd4+ Ke6 36. Rd3 Ke7 37. Kg3 Ke6 38. h4 h5 39. Kg2 Ke7 40. Re3+ Kf7 41. Kf3 Kf6 42. Kg2 Rc1 43. Rd3 Ke7 44. Kf3 Rc2 45. Ke3 Ke6 1/2-1/2